| 000 | 00892nam a2200265 a 4500 | ||
|---|---|---|---|
| 001 | 55347 | ||
| 003 | BD-RjUL | ||
| 005 | 20211209080242.0 | ||
| 008 | 161116s1968 nyu b 000 0 eng | ||
| 035 | _a(BD-RjUL)55469 | ||
| 040 |
_aDLC _cDLC _dBD-RjUL _beng |
||
| 041 | _aeng | ||
| 082 | 0 | 0 |
_a155.41 _223 _bFLD 1968 |
| 100 | 1 |
_aFlavell, John H. _9164880 |
|
| 245 | 1 | 4 |
_aThe development of role-taking and communication skills in children / _c[by] John H. Flavell, in collaboration with Patricia T. Botkin [and others] |
| 260 |
_aNew York : _bWiley. _c1968 |
||
| 300 |
_avii, 239 p. ; _c24 cm. |
||
| 504 | _aBibliography: p.228-231. | ||
| 650 | 0 |
_aChild psychology. _9164881 |
|
| 650 | 0 |
_aCommunication _xPsychological aspects. _9164882 |
|
| 650 | 0 |
_aSocial perception. _9164883 |
|
| 700 | 1 |
_aBotkin, Patricia T., _ejoint author. _9164884 |
|
| 942 |
_2ddc _cBK |
||
| 999 |
_c55347 _d55347 |
||